1036 1538 1938 1089 1138 1504 1303 1524 1804 1306 1784 1276 1880 1828 1739 1645 1787 1352 1311 1891 1398 1173 1887 1782 1536 1583 1683 1135 1275 1419 1466 1789 1247 1977 1582 1007 1263 1682 1880 1840 1551 1736 1283 1795 1835 1571 1279 1554 1500 1083 1398 1061 1273 1811 1206 1568 1073 1991 1174 1915 1000 1309 1846 1805 1393 1427 1981 1452 1232 1406 1914 1196 1278 1344 1973 1461 1744 1252 1634 1934 1946 1819 1850 1180 1535 1521 1561 1436 1904 1291 1037 1849 1524 1370 1157 1185 1665 1030 1276 BCNSPRNW ULIB Ver.6.0+V

เปลี่ยนเป็นภาษาไทย

Change to English
 แสดงรายละเอียดบรรณานุกรม
  กลับหน้าหลัก

Brief Record : Get Marc (ISO 2709) : E-mail record : QR code < ปิดหน้าต่าง
LEADER : 00000nam 2200000uu 4500
001    13399111163
003     ULIB
008    110617s||||||||th 000 0 tha d
020    9748836983
020    9789748836980
050  4 BF637.58^bช45ส 2542
100 0  ไชย ณ พล
245 10 สมดุลชีวิต /^cไชย ณ พล
260    กรุงเทพฯ :^bพลัสเพรส,^c2542
300    123 หน้า
650  7 สมดุลชีวิต
650  7 ธรรมชาติ
710 1  พลัสเพรส
945    ^p79^l0^i017843
945    ^p79^l0^i017842
995    ทศพร
999 ^a ใช้งานได้ทุกระบบ
รายการนี้ยังไม่มีแท็ก
คุณยังไม่ได้ล็อกอิน คุณสามารถมีกิจกรรมร่วมกับเว็บไซต์ได้ แต่ต้องล็อกอินก่อน ::
  ล็อกอิน

รายการสื่อสารสนเทศ

ลำดับที่ ประเภท เลขเรียก/บาร์โค้ด สถานที่ สถานะ
- ไม่พบข้อมูล -

รายการใกล้เคียง
    ผู้แต่ง [ไชย ณ พล]

    หัวเรื่อง [ธรรมชาติ]

BibComment


ยังไม่เคยถูกคอมเมนท์

คอมเมนท์ทรัพยากรรายการนี้
  คอมเมนท์: สมดุลชีวิต ไชย ณ..


 Copyright 2026. Bcnsprnw @Library